Náklady a výnosy vybraného podniku v kontexte finančnej analýzy
Finančná analýza je určená pre hodnotenie stavov minulých, súčasných, ale aj na predvídanie budúcich stavov a situácií v spoločnosti. Pojem finančná analýza predstavuje akúkoľvek analýzu ekonomickej činnosti, kde najväčšiu dôležitosť naberá časové hľadisko a finančné prostriedky. Finančná analýza po...
Salvato in:
| Autore principale: | |
|---|---|
| Natura: | Capitolo di libro |
| Lingua: | slovacco |
| Soggetti: | |
| Tags: |
Nessun Tag, puoi essere il primo ad aggiungerne!!
|
MARC
| LEADER | 00000naa a2200000 4500 | ||
|---|---|---|---|
| 001 | 0248427 | ||
| 005 | 20240502073956.5 | ||
| 041 | 0 | |a slo | |
| 044 | |a SK | ||
| 245 | 1 | 0 | |a Náklady a výnosy vybraného podniku v kontexte finančnej analýzy |c Jozef Lukáč |
| 520 | |a Finančná analýza je určená pre hodnotenie stavov minulých, súčasných, ale aj na predvídanie budúcich stavov a situácií v spoločnosti. Pojem finančná analýza predstavuje akúkoľvek analýzu ekonomickej činnosti, kde najväčšiu dôležitosť naberá časové hľadisko a finančné prostriedky. Finančná analýza podniku predstavuje jeden zo strategických a operatívnych nástrojov finančného manažmentu. Skúma všetky činnosti, pri ktorých sú sprievodným tokom financie. | ||
| 610 | 2 | 0 | |a podnik |
| 610 | 2 | 0 | |a analýza finančná |
| 610 | 2 | 0 | |a náklady |
| 610 | 2 | 0 | |a výdavky |
| 610 | 2 | 0 | |a výnosy |
| 610 | 2 | 0 | |a riadenie finančné |
| 610 | 2 | 0 | |a výkaz ziskov a strát |
| 610 | 2 | 0 | |a výkazníctvo finančné |
| 100 | 1 | |a Lukáč, Jozef, 1991- | |